000 00305nam a2200109Ia 4500
008 230724s1985 xx und d
041 _aeng
100 _aKULKARNI.S.B,AGNIHOTRI.A.D.,GAJENDRAGADKAR.S.K.
245 _aELEMENTS OF CIVIL ENGINEERING
260 _bVIJAYA MADHAV AADKAR
_c1985
300 _a109
999 _c1178009
_d1178009